000 00552nam a2200229Ia 4500
005 20260320201710.0
008 008 262003s9999 xx 000 0 eng d
037 _aEBOOK
040 _aCRL
040 _beng
040 _cCRL
041 _2eng
041 _aeng
084 _qCRL
100 _aKing
245 0 _aAI, Automation, and War: The Rise of a Military-Tech Complex
260 _bIEEE
856 _uhttps://ieeexplore.ieee.org/servlet/opac?bknumber=11098545
942 _cEBOOK
999 _c1722993
_d1722993